LEADER 00933nam0-22003131--450- 001 990008699970403321 005 20090309151206.0 010 $a0-8018-1454-5 010 $a0-8018-1759-5 035 $a000869997 035 $aFED01000869997 035 $a(Aleph)000869997FED01 035 $a000869997 100 $a20080902d1973----km-y0itay50------ba 101 0 $aeng 102 $aUS 105 $ay-------001yy 200 1 $aSoviet-american confrontation$epostwar reconstruction and the origins of the cold war$fThomas G. Paterson 210 $aBaltimore [etc.]$cThe Johns Hopkins University Press$dc1973 215 $aXI, 287 p.$d24 cm 676 $a303.48$v11 rid.$zita 700 1$aPaterson,$bThomas G.$0313377 801 0$aIT$bUNINA$gRICA$2UNIMARC 901 $aBK 912 $a990008699970403321 952 $aX i 230$b101335$fFGBC 959 $aFGBC 996 $aSoviet-american confrontation$9719367 997 $aUNINA LEADER 01797nam0 22004333i 450 001 VAN0248489 005 20230529094038.595 017 70$2N$a9783662610534 100 $a20220722d2020 |0itac50 ba 101 $aeng 102 $aDE 105 $a|||| ||||| 200 1 $aˆThe ‰Universe of Quadrics$fBoris Odehnal, Hellmuth Stachel, Georg Glaeser 210 $aBerlin$cSpringer$d2020 215 $aviii, 605 p.$cill. 500 1$3VAN0248490$aˆThe ‰Universe of Quadrics$92983595 606 $a51-XX$xGeometry [MSC 2020]$3VANC019810$2MF 606 $a51N15$xProjective analytic geometry [MSC 2020]$3VANC019818$2MF 606 $a51N20$xEuclidean analytic geometry [MSC 2020]$3VANC023720$2MF 606 $a01A05$xGeneral histories, source books [MSC 2020]$3VANC023741$2MF 610 $aClassical Geometry$9KW:K 610 $aConics$9KW:K 610 $aDifferential geometry$9KW:K 610 $aGeometry$9KW:K 610 $aHistory of mathematics$9KW:K 610 $aProjective geometry$9KW:K 620 $dBerlin$3VANL000066 700 1$aOdehnal$bBoris$3VANV089358$0756118 701 1$aGlaeser$bGeorg$3VANV089356$031804 701 1$aStachel$bHellmuth$3VANV089357$0756117 712 $aSpringer $3VANV108073$4650 801 $aIT$bSOL$c20240614$gRICA 856 4 $uhttp://doi.org/10.1007/978-3-662-61053-4$zE-book ? Accesso al full-text attraverso riconoscimento IP di Ateneo, proxy e/o Shibboleth 899 $aBIBLIOTECA DEL DIPARTIMENTO DI MATEMATICA E FISICA$1IT-CE0120$2VAN08 912 $fN 912 $aVAN0248489 950 $aBIBLIOTECA DEL DIPARTIMENTO DI MATEMATICA E FISICA$d08CONS e-book 4507 $e08eMF4507 20220722 996 $aUniverse of Quadrics$92983595 997 $aUNICAMPANIA